مكتبة جامعة عجلون الوطنية

فهرس بحث المكتبة

Living in color : (Record no. 33713)

MARC details
000 -LEADER
fixed length control field 02800cam a2200577 i 4500
001 - CONTROL NUMBER
control field 22682919
003 - CONTROL NUMBER IDENTIFIER
control field JO-AjAnu
005 - DATE AND TIME OF LATEST TRANSACTION
control field 20241016092123.0
008 - FIXED-LENGTH DATA ELEMENTS--GENERAL INFORMATION
fixed length control field 220706t20212021enka 001 0 eng d
010 ## - LIBRARY OF CONGRESS CONTROL NUMBER
LC control number 2022275438
015 ## - NATIONAL BIBLIOGRAPHY NUMBER
National bibliography number GBC1E2063
Source bnb
016 7# - NATIONAL BIBLIOGRAPHIC AGENCY CONTROL NUMBER
Record control number 020307594
Source Uk
020 ## - INTERNATIONAL STANDARD BOOK NUMBER
International Standard Book Number 9781838663087
Qualifying information (American English edition ;
-- hardcover)
020 ## - INTERNATIONAL STANDARD BOOK NUMBER
International Standard Book Number 1838663088
Qualifying information (American English edition ;
-- hardcover)
020 ## - INTERNATIONAL STANDARD BOOK NUMBER
International Standard Book Number 9781838663957
Qualifying information (UK English edition ;
-- hardcover)
020 ## - INTERNATIONAL STANDARD BOOK NUMBER
International Standard Book Number 1838663959
Qualifying information (UK English edition ;
-- hardcover)
035 ## - SYSTEM CONTROL NUMBER
System control number (OCoLC)on1250514566
040 ## - CATALOGING SOURCE
Original cataloging agency YDX
Language of cataloging eng
Transcribing agency YDX
Description conventions rda
Modifying agency BDX
-- UKMGB
-- OCLCO
-- OCLCF
-- TOH
-- DPL
-- NYP
-- OCLCO
-- STF
-- JQW
-- CNNWP
-- OCLCO
-- DLC
-- JO-AjAnu
042 ## - AUTHENTICATION CODE
Authentication code lccopycat
050 00 - LIBRARY OF CONGRESS CALL NUMBER
Classification number NK2115.5.C6
Item number L58 2021
082 04 - DEWEY DECIMAL CLASSIFICATION NUMBER
Classification number 701.85
Edition number 23
082 04 - DEWEY DECIMAL CLASSIFICATION NUMBER
Classification number 747.94
Edition number 23
245 00 - TITLE STATEMENT
Title Living in color :
Remainder of title color in contemporary interior design /
Statement of responsibility, etc. Stella Paul, India Mahdavi.
246 00 - VARYING FORM OF TITLE
Title proper/short title Living in colour
264 #1 - PRODUCTION, PUBLICATION, DISTRIBUTION, MANUFACTURE, AND COPYRIGHT NOTICE
Place of production, publication, distribution, manufacture London :
Name of producer, publisher, distributor, manufacturer Phaidon Press,
Date of production, publication, distribution, manufacture, or copyright notice 2021.
264 #4 - PRODUCTION, PUBLICATION, DISTRIBUTION, MANUFACTURE, AND COPYRIGHT NOTICE
Date of production, publication, distribution, manufacture, or copyright notice ©2021
300 ## - PHYSICAL DESCRIPTION
Extent 239 pages :
Other physical details color illustrations ;
Dimensions 30 cm
336 ## - CONTENT TYPE
Content type term text
Content type code txt
Source rdacontent
336 ## - CONTENT TYPE
Content type term still image
Content type code sti
Source rdacontent
337 ## - MEDIA TYPE
Media type term unmediated
Media type code n
Source rdamedia
338 ## - CARRIER TYPE
Carrier type term volume
Carrier type code nc
Source rdacarrier
500 ## - GENERAL NOTE
General note Includes index (pages 236-237).
505 00 - FORMATTED CONTENTS NOTE
Title Coloring a room of one's own /
Statement of responsibility Stella Paul --
Title A life lived in color /
Statement of responsibility Inda Mahdavi --
Title Living in color --
-- Spectrum --
-- Directories.
520 ## - SUMMARY, ETC.
Summary, etc. An inspirational visual journey along the color spectrum, brought to life via the best contemporary residential interior design. Tap into the growing trend for injecting color into home décor with this elegant, thoughtful selection of interiors in every shade and hue. Organised by color -- from the purest white to the deepest black, from the hottest pinks, oranges, and reds, to the coolest greens and tranquil blues in between -- Living in Color explores and celebrates the current trend for vivid accents and vibrant transformations of our domestic spaces, whatever their size and wherever their location.
650 #0 - SUBJECT ADDED ENTRY--TOPICAL TERM
Topical term or geographic name entry element Color in interior decoration.
650 #0 - SUBJECT ADDED ENTRY--TOPICAL TERM
Topical term or geographic name entry element Interior decoration.
650 #0 - SUBJECT ADDED ENTRY--TOPICAL TERM
Topical term or geographic name entry element Color in architecture.
650 #2 - SUBJECT ADDED ENTRY--TOPICAL TERM
Topical term or geographic name entry element Interior Design and Furnishings
650 #6 - SUBJECT ADDED ENTRY--TOPICAL TERM
Topical term or geographic name entry element Couleur en décoration intérieure.
650 #6 - SUBJECT ADDED ENTRY--TOPICAL TERM
Topical term or geographic name entry element Décoration intérieure.
650 #6 - SUBJECT ADDED ENTRY--TOPICAL TERM
Topical term or geographic name entry element Couleur en architecture.
650 #7 - SUBJECT ADDED ENTRY--TOPICAL TERM
Topical term or geographic name entry element Color in interior decoration.
Source of heading or term fast
Authority record control number or standard number (OCoLC)fst00868579
655 #7 - INDEX TERM--GENRE/FORM
Genre/form data or focus term illustrated books.
Source of term aat
655 #7 - INDEX TERM--GENRE/FORM
Genre/form data or focus term Illustrated works.
Source of term lcgft
655 #7 - INDEX TERM--GENRE/FORM
Genre/form data or focus term Ouvrages illustrés.
Source of term rvmgf
700 1# - ADDED ENTRY--PERSONAL NAME
Personal name Paul, Stella,
Relator term author.
700 1# - ADDED ENTRY--PERSONAL NAME
Personal name Mahdavi, India,
Relator term author.
906 ## - LOCAL DATA ELEMENT F, LDF (RLIN)
a 7
b cbc
c copycat
d 2
e ncip
f 20
g y-gencatlg
942 ## - ADDED ENTRY ELEMENTS (KOHA)
Source of classification or shelving scheme Library of Congress Classification
Koha item type Books
Suppress in OPAC No
Holdings
Withdrawn status Lost status Source of classification or shelving scheme Damaged status Not for loan Home library Current library Date acquired Total Checkouts Full call number Barcode Date last seen Price effective from Koha item type
    Library of Congress Classification     مكتبة جامعة عجلون الوطنية مكتبة جامعة عجلون الوطنية 16/10/2024   NK2115.5.C6.L58 2021 e3921 16/10/2024 16/10/2024 Books